000 00508nam a2200157 i 4500
001 45020
003 ES-MaACL
005 20230906161133.0
007 t|
008 030324s1915 mx ||||1| spa d
245 0 0 _aCodificación de los Decretos del C. Venustiano Carranza... Gobierno provisional de la República Mexicana.
260 _aMéxico :
_b[s.n.],
_c1915 (
_fImprenta de la Secretaría de Gobernación)
300 _a271 p. ;
_c21 cm.
852 _aES-MaACL
_jC-2917
852 _aES-MaACL
_j1554-F-54
999 _c45020
_d45020